Problematika nakladania s odpadom z elektrických a elektronických zariadení (1. časť)

Bibliographic Details
Main Authors: Dobrócsyová, Anna (Author), Chmelinová, Sylvia (Author)
Format: Article
Language:Slovak
ISSN:1335-7808
Subjects:

MARC

LEADER 00000nab a2200000 a 4500
001 vtls008295186
003 SK-MaSNL
005 20260304135141.0
008 250505c2005 xo mr|p|||||||000 b|slo
015 |a SNBRB2005/08  |2 snkbucl 
035 |a (uuid)38585668-cf95-4122-aaef-8b1966c4e4b0 
035 |a urn:nbn:sk:snk-abvdm 
035 |a (urnnbn)urn:nbn:sk:snk:ar-a03r9i 
038 |a SNKBUCL 
040 |a SNKBUCL  |b slo  |c SNKBUCL  |e AACR2 
041 0 |a slo 
044 |a xo  |c SK 
080 |a 628.4:621.3:339.923(4)  |2 1997 
080 |a 621.3  |2 1997 
080 |a 339.923(4)  |2 1997 
100 1 |a Dobrócsyová, Anna  |4 aut  |9 29426 
245 1 0 |a Problematika nakladania s odpadom z elektrických a elektronických zariadení  |n (1. časť)  |c Anna Dobrocsyová, Sylvia Chmelinová 
500 |a Pokračovanie nabudúce 
610 2 7 |a Európska únia  |2 snkbucl  |9 29861 
650 0 7 |a elektronické zariadenia  |2 snkbucl  |9 3625 
650 0 7 |a elektroodpad  |2 snkbucl  |9 79496 
650 0 7 |a odpadové hospodárstvo  |2 snkbucl  |9 3603 
650 0 7 |a smernice  |2 snkbucl  |9 273652 
650 0 7 |a elektrické zariadenia  |2 snkbucl  |9 3916 
700 1 |a Chmelinová, Sylvia  |4 aut  |9 1416502 
773 0 |t Odpady  |g Roč. 5, č. 4 (2005), s. 14-18  |x 1335-7808 
850 |a Slovenská národná knižnica 
852 |a Slovenská národná knižnica 
954 |a odborná, vedecká literatúra pôvodná (slovenská)  |2 lita 
958 |a article2022 
958 |a OND 
958 |a EUIPO 
999 |c 2909656  |d 2911586